Statistics for Cities of Lake County, Illinois

Click here to take the quiz!

General Stats

  • This quiz has been taken 71 times
  • The average score is 28 of 60

Answers on the Map

Answers color-coded by a green-red scale on the quiz's map according to % correct below.
 

Answer Stats

Answer% Correct
City of Waukegan
95%
City of North Chicago
90%
Village of Antioch
90%
Village of Grayslake
81%
City of Highland Park
76%
Village of Gurnee
76%
Village of Libertyville
76%
Village of Round Lake
76%
Village of Vernon Hills
76%
City of Lake Forest
71%
City of Zion
71%
Village of Fox Lake
67%
Village of Mundelein
67%
Village of Round Lake Beach
67%
Village of Lake Zurich
62%
Village of Lincolnshire
62%
Village of Round Lake Park
62%
Village of Barrington
57%
Village of Kildeer
57%
Village of Lake Villa
57%
Village of Wauconda
57%
City of Highwood
52%
Village of Beach Park
52%
Village of Buffalo Grove
52%
Village of Deerfield
52%
Village of Deer Park
52%
Village of Green Oaks
48%
Village of Hawthorn Woods
48%
Village of Lake Bluff
48%
Village of Volo
48%
Village of Wadsworth
48%
City of Park City
43%
Village of Bannockburn
43%
Village of Lindenhurst
43%
Village of Long Grove
43%
Village of Hainesville
38%
Village of North Barrington
38%
Village of Round Lake Heights
38%
Village of Third Lake
38%
Village of Wheeling
38%
Village of Winthrop Harbor
38%
Village of Lake Barrington
33%
Village of Riverwoods
33%
Census Designated Place of Gages Lake
29%
Village of Lakemoor
29%
Village of Mettawa
29%
Village of Fox River Grove
24%
Village of Indian Creek
24%
Village of Port Barrington
24%
Census Designated Place of Grandwood Park
19%
Village of Old Mill Creek
19%
Village of Tower Lakes
19%
Census Designated Place of Venetian Village
14%
Village of Island Lake
14%
Census Designated Place of Channel Lake
10%
Census Designated Place of Forest Lake
10%
Census Designated Place of Fox Lake Hills
10%
Census Designated Place of Knollwood
10%
Census Designated Place of Lake Catherine
10%
Census Designated Place of Long Lake
5%

Score Distribution

Percentile by Number Answered

Percent of People with Each Score

Your Score History

You have not taken this quiz